Pluralidad en la teología
Saved in:
| Institution som forfatter: | |
|---|---|
| Format: | Bog |
| Sprog: | spansk |
| Udgivet: |
Santiago
San Pablo
1995
|
| Udgivelse: | 1a. ed |
| Fag: | |
| Tags: |
Tilføj Tag
Ingen Tags, Vær først til at tagge denne postø!
|
MARC
| LEADER | 00000nam a2200000 a 4500 | ||
|---|---|---|---|
| 001 | UCK1149 | ||
| 003 | CL-VaPUC | ||
| 005 | 20211228074330.0 | ||
| 008 | 041105e19950000cl 1 spa d | ||
| 020 | |a 9562562123 | ||
| 082 | 0 | 4 | |a 230 |b SOC |2 21 |
| 110 | 2 | |a Sociedad Chilena de Teología |e author |9 620647 | |
| 245 | 1 | 0 | |a Pluralidad en la teología |
| 250 | |a 1a. ed | ||
| 260 | |a Santiago |b San Pablo |c 1995 | ||
| 300 | |a 258 p | ||
| 583 | |a last modification |c 20190823 10:32:52 |k Rodrigo Vera | ||
| 650 | 0 | 0 | |a Teología cristiana |9 308336 |
| 650 | 0 | 7 | |a EVANGELIZACION |2 CL-VaPUC |9 620648 |
| 650 | 0 | 0 | |a Creencia Religiosa |9 316904 |
| 650 | 0 | 0 | |a Sociología de la religión |9 337481 |
| 942 | |c BK | ||
| 945 | |a cmena |d 20041105 00:00:00 | ||
| 546 | |a En Español | ||
| 536 | |a Sociedad Chilena de Teología | ||
| 518 | |p Jornada Anual: La Pluralidad en la Cultura en la Iglesia y en la Teología, 5, Talca, 27 al 29 de octubre de 1994 | ||
| 999 | |c 384084 |d 384082 | ||
| 952 | |0 0 |1 0 |4 0 |6 230_000000000000000_SOC_1995 |7 0 |8 A |9 506525 |a BIBTEO |b BIBTEO |d 2020-01-23 |i 407579K |o 230 SOC 1995 |p 407579K |r 2025-01-17 |w 2020-01-23 |y BK |k ICR | ||